Report of the British naval and military operations in Egypt, 1882 /

محفوظ في:

المؤلف الرئيسي: Goodrich, Caspar F. 1847-1925 (مؤلف)

التنسيق: كتاب

اللغة: English

سلاسل: Information from abroad. War series ; 3.

الموضوعات:

الوسوم: إضافة وسم

لا توجد وسوم, كن أول من يضع وسما على هذه التسجيلة!

رقم الطلب: ( R )DT107 .G75 1885

LEADER 01896namaa2200361 4500
001 17306
003 OSt
005 20210104055217.0
008 130303s1885 dcuabe g 000 0 eng d
952 |0 0  |1 0  |2 lcc  |4 0  |7 1  |9 9112  |a ARCE  |b ARCE  |d 2021-01-04  |l 0  |o ( R )DT107 .G75 1885  |p 1038270  |r 2021-01-04 00:00:00  |w 2021-01-04  |y BK 
999 |c 17498  |d 17498 
010 |a 07034556 
040 |c ARCE Library 
043 |a e-uk---  |a f-ua--- 
050 0 4 |a ( R )DT107 .G75 1885 
100 1 |a Goodrich, Caspar F.  |q (Caspar Frederick),  |d 1847-1925,  |e author 
245 1 0 |a Report of the British naval and military operations in Egypt, 1882 /  |c by Lieutenant-Commander Caspar F. Goodrich. 
264 1 |a Washington :   |b Govt. Print. Off,   |c 1885. 
300 |a 340 pages, 79 plates (part folded :   |b illustrations, including map, plans) ;   |c 23 cm. 
336 |a text  |b txt  |2 rdacontent 
337 |a unmediated  |b n  |2 rdamedia 
338 |a volume  |b nc  |2 rdacarrier 
490 1 |a [U.S.] Office of naval intelligence. Information from abroad. War series ;   |v 3. 
500 |a 48th Con., 2d sess. House. Mis. doc.29. 
500 |a Published also in 1883 without document series note. 
500 |a Issued also without document series note ("Bureau ed.") 
505 0 |a 1. Index to the miscellaneous documents of the House of Representatives for the Second Session of the Forty-eighth Congress, 1884'-85 ... 2. Report of the British naval and military operations in Egypt, 1882. ... 3. War on the Pacific Coast of South America between Chile and the allied Republics of Peru and Bolivia 1879-'81 ... 4.Operations of the French Navy during the recent war withTunis. 
650 0 |a Anglo-Egyptian War, 1882. 
651 0 |a Great Britain  |x History, Military  |y 19th century. 
651 0 |a Egypt  |x History  |y British occupation, 1882-1936. 
830 0 |a Information from abroad.  |p War series ;   |v 3. 
901 |a reviewed 
942 |c BK  |2 lcc